Library Banner

Experiments in fluid mechanics (Record no. 54292)

MARC details
000 -LEADER
fixed length control field 00442nam a2200181Ia 4500
001 - CONTROL NUMBER
control field 57000
008 - FIXED-LENGTH DATA ELEMENTS--GENERAL INFORMATION
fixed length control field 140506s9999 xx 000 0 und d
020 ## - INTERNATIONAL STANDARD BOOK NUMBER
International Standard Book Number 9788120345119
040 ## - CATALOGING SOURCE
Transcribing agency PK-LaUMT
082 ## - DEWEY DECIMAL CLASSIFICATION NUMBER
Classification number 621.106
Item number SIN-E
100 ## - MAIN ENTRY--PERSONAL NAME
Personal name Singh, Sarbjit
245 ## - TITLE STATEMENT
Title Experiments in fluid mechanics
Statement of responsibility, etc Singh, Sarbjit
250 ## - EDITION STATEMENT
Edition statement 2nd
260 ## - PUBLICATION, DISTRIBUTION, ETC. (IMPRINT)
Place of publication, distribution, etc New Delhi,India:
Name of publisher, distributor, etc PHI Learning,
Date of publication, distribution, etc 2012
300 ## - PHYSICAL DESCRIPTION
Extent 145 p.
546 ## - LANGUAGE NOTE
Language note EN
942 ## - ADDED ENTRY ELEMENTS (KOHA)
Koha item type Books
Holdings
Withdrawn status Lost status Damaged status Not for loan Home library Current library Date acquired Total Checkouts Full call number Barcode Date last seen Price effective from Koha item type
        UMT Main Campus UMT Main Campus 2014-05-06   621.106 SIN-E 80616 2014-05-08 2014-05-08 Books